Statistics for Top 10 scariest horror movies

Click here to take the quiz!

General Stats

  • This quiz has been taken 189 times
  • The average score is 5 of 10

Answer Stats

RankCreatedMovie% Correct
71978Halloween
69%
11973The Exorcist
69%
102017IT
56%
32013The Conjuring
49%
41980The Shining
46%
51974The Texas Chainsaw Massacre
46%
62002The Ring
43%
92010Insidious
37%
22018Hereditary
33%
82012Sinister
21%

Score Distribution

Percentile by Number Answered

Percent of People with Each Score

Your Score History

You have not taken this quiz